000 00300nam a22001337a 4500
008 170719b xxu||||| |||| 00| 0 eng d
020 _aX000C16SGX
041 _aeng
080 _a2
100 _a24
101 _aTEO
245 _aDOCUMENTS OF THE CHRISTIAN CHURCH
_cBETTENSON, H
942 _2udc
_cBK
999 _c21548
_d21548